| 000 | 00790nam a2200217 a 4500 | ||
|---|---|---|---|
| 008 | 100118s2002 ||||||||||||||||| || u | ||
| 020 | _a0750650966 | ||
| 050 | _aTJ 163.3 Beg | ||
| 100 | _aBeggs, Clive | ||
| 245 | 1 | 0 |
_aEnergy: management, supply and conservation _cby Clive Beggs |
| 260 |
_aOxford: _bButterworth-Heinemann _c2002 |
||
| 300 | _aix, 284p.: ill | ||
| 350 | _a0.00 | ||
| 500 | _aIncludes Index and Appendix 1, 2, 3 | ||
| 650 | _aENERGY | ||
| 650 | 0 | _aENERGY CONSUMPTION | |
| 650 | _aBUILDINGS--ENERGY CONSUMPTION | ||
| 650 | _aENERGY CONSERVATION | ||
| 650 | _aBUILDINGS--ENERGY CONSERVATION | ||
| 995 |
_D0.00 _FCBU-MAIN LIBRARY (Kitwe) _H1 _I0.00 _M1 _UAVAILABLE _WFeb 23, 2010 _ZMain Library Open Access Collection |
||
| 999 |
_c41877 _d41877 |
||